Municipios de la provincia de Albacete - Estadísticas

Estadísticas generales
  • Esta prueba ha sido intentada 570 veces
  • La puntuación promedio es 37 de 87
Estadísticas de respuestas
Respuesta % Correcto
Albacete
87%
Hellín
85%
Almansa
83%
La Roda
83%
Villarrobledo
76%
Alcalá del Júcar
70%
Tobarra
68%
Chinchilla de Monte-Aragón
65%
La Gineta
64%
Casas-Ibáñez
62%
Alcaraz
61%
Letur
61%
Ayna
60%
Fuentealbilla
60%
Yeste
60%
Riópar
59%
Barrax
58%
Liétor
58%
Elche de la Sierra
57%
El Bonillo
56%
Munera
56%
Pozohondo
53%
Balazote
52%
Caudete
52%
Pozo Cañada
52%
Casas de Juan Núñez
50%
Bogarra
49%
Alpera
48%
Madrigueras
48%
Villamalea
48%
Bonete
47%
Nerpio
47%
Ontur
46%
Peñas de San Pedro
46%
Lezuza
45%
Tarazona de la Mancha
45%
Valdeganga
45%
Jorquera
44%
Casas de Ves
43%
Fuente-Álamo
43%
Alatoz
42%
Alcadozo
42%
Ossa de Montiel
41%
San Pedro
41%
Mahora
40%
Minaya
40%
Molinicos
40%
Bienservida
39%
Higueruela
39%
Abengibre
37%
Férez
37%
Pétrola
37%
Casas de Lázaro
36%
Hoya-Gonzalo
36%
Albatana
35%
Socovos
35%
Carcelén
34%
Cenizate
34%
Paterna del Madera
34%
Robledo
33%
Alborea
32%
Villalgordo del Júcar
32%
Balsa de Ves
31%
Motilleja
31%
Corral-Rubio
30%
Fuensanta
30%
Navas de Jorquera
28%
Salobre
28%
Peñascosa
27%
Pozo-Lorente
27%
El Ballestero
26%
Golosalvo
26%
Vianos
26%
Villapalacios
26%
Masegoso
25%
Pozuelo
25%
Villatoya
25%
Montalvos
24%
La Recueja
23%
Villaverde de Guadalimar
22%
Cotillas
21%
La Herrera
21%
Viveros
21%
Villavaliente
20%
Montalegre del Castillo
19%
Povedilla
18%
Villa del Ves
13%
No se encontraron pruebas coincidentes
Distribución de puntuación
Porcentaje de gente con cada puntuación
Porcentaje por número respondido
Historial de tus puntuaciones
No has intentado esta prueba.